000 00703nam a2200229 a 4500
001 000030856
003 DO-SdBNP
005 20220725115748.0
007 ta
008 110602s1942 dr a 000 0 spa d
040 _aDO-SdBNP
_bspa
_cBNPHU
082 _axxxx
_bT231c
100 _aTavárez Belliard, Aurora,
_d1894-1972
_957394
245 1 0 _aCartilla silabario /
_cAurora Tavárez Belliard.
250 _a6ª ed.
260 _aSantiago de los Caballeros, República Dominicana :
_bMuchas Gracias,
_c1942.
300 _a84 p. :
_bil. ;
_c24 cm.
590 _aPerteneció a la biblioteca personal de Martínez Boog.
590 _aInventariado, 2022/ YL
910 _aYLockward
942 _2ddc
_cLBS1
999 _c30348
_d30348